000 00311nam a2200121Ia 4500
008 191201s2008 xx 000 0 und d
100 _aPANDIAN, P
245 0 _aSecurity Analysis and Portfolio Management
260 _aN.Delhi
_bVikas Publication House
_c2008
300 _a464
650 _aMBA
942 _2ddc
_cBK
999 _c3519
_d3519